Normal view
MARC view
- تاليف أبو رميلة، هشام
Entry Personal Name
001 - CONTROL NUMBER
- control field: 18932
003 - CONTROL NUMBER IDENTIFIER
- control field: JO-AjAnu
005 - DATE AND TIME OF LATEST TRANSACTION
- control field: 20230606073321.0
008 - FIXED-LENGTH DATA ELEMENTS
- fixed length control field: 230606|| aca||aabn | a|a d
040 ## - CATALOGING SOURCE
- Original cataloging agency: JO-AjAnu
- Transcribing agency: JO-AjAnu
100 ## - HEADING--PERSONAL NAME
- Personal name: تاليف أبو رميلة، هشام
670 ## - SOURCE DATA FOUND
- Source citation: Work cat.: (JO-AjAnu)9715: تاليف أبو رميلة، هشام, author, الموحدين وعلاقتهم بالممالك النصرانية والدول الإسلامية في الأندلس